<?xml version="1.0" encoding="UTF-8"?>
<record
    xmlns:xsi="http://www.w3.org/2001/XMLSchema-instance"
    xsi:schemaLocation="http://www.loc.gov/MARC21/slim http://www.loc.gov/standards/marcxml/schema/MARC21slim.xsd"
    xmlns="http://www.loc.gov/MARC21/slim">

  <leader>01028nam a22002057a 4500</leader>
  <controlfield tag="008">100414s2005    sj|||||r|||  000 0 ara  d</controlfield>
  <datafield tag="020" ind1=" " ind2=" ">
    <subfield code="a">99942540038</subfield>
  </datafield>
  <datafield tag="082" ind1=" " ind2=" ">
    <subfield code="2">22</subfield>
    <subfield code="a">177</subfield>
    <subfield code="b">&#x639; &#x627; &#x628;</subfield>
  </datafield>
  <datafield tag="100" ind1=" " ind2=" ">
    <subfield code="9">13555</subfield>
    <subfield code="a">&#x632;&#x64A;&#x646; &#x627;&#x644;&#x639;&#x627;&#x628;&#x62F;&#x64A;&#x646;&#x60C; &#x639;&#x628;&#x62F; &#x627;&#x644;&#x645;&#x62A;&#x639;&#x627;&#x644;</subfield>
  </datafield>
  <datafield tag="245" ind1=" " ind2=" ">
    <subfield code="a">&#x642;&#x636;&#x627;&#x64A;&#x627; &#x627;&#x644;&#x641;&#x644;&#x633;&#x641;&#x629; &#x627;&#x644;&#x627;&#x62C;&#x62A;&#x645;&#x627;&#x639;&#x64A;&#x629; .&#x627;&#x644;&#x643;&#x62A;&#x627;&#x628; &#x627;&#x644;&#x62B;&#x627;&#x646;&#x64A;:</subfield>
    <subfield code="b">/&#x645;&#x641;&#x647;&#x648;&#x645; &#x627;&#x644;&#x639;&#x642;&#x648;&#x628;&#x629;: &#x627;&#x644;&#x62C;&#x632;&#x627;&#x626;&#x64A;&#x629;- &#x627;&#x644;&#x646;&#x641;&#x639;&#x64A;&#x629;- &#x627;&#x644;&#x639;&#x644;&#x627;&#x62C;&#x64A;&#x629;</subfield>
    <subfield code="c">&#x639;&#x628;&#x62F; &#x627;&#x644;&#x645;&#x62A;&#x639;&#x627;&#x644; &#x632;&#x64A;&#x646; &#x627;&#x644;&#x639;&#x627;&#x628;&#x62F;&#x64A;&#x646;</subfield>
  </datafield>
  <datafield tag="260" ind1=" " ind2=" ">
    <subfield code="a">&#x627;&#x644;&#x62E;&#x631;&#x637;&#x648;&#x645;:</subfield>
    <subfield code="b">&#x62F;&#x627;&#x631; &#x639;&#x632;&#x629; &#x60C; 2005</subfield>
    <subfield code="c">2005</subfield>
  </datafield>
  <datafield tag="300" ind1=" " ind2=" ">
    <subfield code="a">525 &#x635;&#x61B;</subfield>
    <subfield code="b">22 &#x633;&#x645;</subfield>
  </datafield>
  <datafield tag="500" ind1=" " ind2=" ">
    <subfield code="a">&#x64A;&#x62D;&#x62A;&#x648;&#x64A; &#x639;&#x644;&#x649; &#x628;&#x628;&#x644;&#x64A;&#x648;&#x62C;&#x631;&#x627;&#x641;&#x64A;&#x629;: &#x635;523-524</subfield>
  </datafield>
  <datafield tag="541" ind1=" " ind2=" ">
    <subfield code="a">&#x627;&#x644;&#x641; &#x628;&#x627;&#x621;&#x61B;</subfield>
    <subfield code="c">&#x634;&#x631;&#x627;&#x621;&#x61B;</subfield>
  </datafield>
  <datafield tag="650" ind1=" " ind2=" ">
    <subfield code="9">13556</subfield>
    <subfield code="a">&#x627;&#x644;&#x62C;&#x631;&#x64A;&#x645;&#x629; &#x648;&#x627;&#x644;&#x645;&#x62C;&#x631;&#x645;&#x648;&#x646;</subfield>
  </datafield>
  <datafield tag="650" ind1=" " ind2=" ">
    <subfield code="9">13553</subfield>
    <subfield code="a">&#x627;&#x644;&#x623;&#x62E;&#x644;&#x627;&#x642; &#x627;&#x644;&#x627;&#x62C;&#x62A;&#x645;&#x627;&#x639;&#x64A;&#x629;</subfield>
  </datafield>
  <datafield tag="650" ind1=" " ind2=" ">
    <subfield code="9">13554</subfield>
    <subfield code="a">&#x627;&#x644;&#x642;&#x64A;&#x645; &#x627;&#x644;&#x627;&#x62C;&#x62A;&#x645;&#x627;&#x639;&#x64A;&#x629;</subfield>
  </datafield>
  <datafield tag="942" ind1=" " ind2=" ">
    <subfield code="2">ddc</subfield>
    <subfield code="c">BB</subfield>
  </datafield>
  <datafield tag="999" ind1=" " ind2=" ">
    <subfield code="c">13891</subfield>
    <subfield code="d">13891</subfield>
  </datafield>
  <datafield tag="952" ind1=" " ind2=" ">
    <subfield code="0">0</subfield>
    <subfield code="1">0</subfield>
    <subfield code="2">ddc</subfield>
    <subfield code="4">0</subfield>
    <subfield code="7">0</subfield>
    <subfield code="8">Alef-Baa</subfield>
    <subfield code="a">MAIN</subfield>
    <subfield code="b">MAIN</subfield>
    <subfield code="c">LOW</subfield>
    <subfield code="d">2010-04-14</subfield>
    <subfield code="e">purchase</subfield>
    <subfield code="o">177 &#x632;&#x64A;&#x646;</subfield>
    <subfield code="p">000020670</subfield>
    <subfield code="q">2022-11-26</subfield>
    <subfield code="r">2021-11-01 00:00:00</subfield>
    <subfield code="s">2021-11-01</subfield>
    <subfield code="y">BB</subfield>
  </datafield>
</record>
